[Event "NZL-ch U10/20"]
[Site "Tauranga"]
[Date "2020.01.15"]
[Round "1"]
[White "He, Paul"]
[Black "Yuan, Jacob"]
[Result "1-0"]
[WhiteElo "1627"]
[BlackElo "1269"]
[PlyCount "111"]
[EventDate "2020.01.15"]
[EventType "swiss"]
[EventRounds "6"]
[EventCountry "NZL"]
[SourceTitle "EXT 2023"]
[Source "ChessBase"]
[SourceDate "2022.10.05"]
[SourceVersion "1"]
[SourceVersionDate "2022.10.05"]
[SourceQuality "1"]

1. c4 e6 2. g3 d5 3. Bg2 Nf6 4. Nf3 Bd6 5. 0-0 0-0 6. d4 c5 7. cxd5 exd5 8. Nc3 b6 9. Bg5 Bb7 10. dxc5 bxc5 11. Nxd5 Bxd5 12. Bxf6 Qxf6 13. Qxd5 Na6 14. Rfd1 Rfd8 15. Qc4 Nc7 16. Ne1 Rab8 17. Nd3 Ne6 18. b3 Rbc8 19. e3 h6 20. Rac1 Qe7 21. Bd5 Re8 22. Bxe6 Qxe6 23. Nf4 Qxc4 24. Rxc4 Red8 25. Rdc1 Be7 26. e4 Rd2 27. R1c2 Rxc2 28. Rxc2 Rd8 29. Nd5 Bf8 30. f3 g6 31. Kf2 Kg7 32. Ke2 f6 33. Nf4 Kf7 34. Nd3 Rc8 35. Rc4 Ke6 36. Nf4+ Kf7 37. b4 g5 38. Nd3 Ke6 39. Nxc5+ Bxc5 40. Rxc5 Rxc5 41. bxc5 Kd7 42. Kd3 Kc6 43. Kd4 a6 44. f4 a5 45. e5 f5 46. e6 Kc7 47. Ke5 Kd8 48. c6 g4 49. Kd6 h5 50. e7+ Ke8 51. c7 h4 52. c8Q+ Kf7 53. e8Q+ Kg7 54. Qcd7+ Kh6 55. Qh8+ Kg6 56. Qdg7# 1-0